00718nam a22002057a 450000500170000000800410001701000170005802000270007503500170010203700250011904000180014408200110016210000210017324501120019426000390030627000810034530000240042649000400045070000220049020090724103027.0090225t xxu||||| |||| 00| 0 eng d aB-341507-529 a97881901527272c350.00 aB-341507-529 bNewyork Book Company adplbEnglish  a181.46 aRolland, Romain  aVivekananda:cby Romain Rolland; edited by S.P. Paramhansa bthe great spiritual saint; whose time is now / aDelhi bNewyork Book Companyc2009 aPlot No. B-71 (D.D.A. Colony), New Zafarabad Ext. Shahdara, bDelhi e110032 a240p. c22cm. (Hb)  aStrength is life; weakness is death aParamhansa, S.P.